• 首页
  • 本馆介绍
  • 公告通知
  • 最新文献
  • 馆藏检索
  • 电子资源
  • 读者导购
  • 参考咨询
  • 我的图书馆
  • 登录
  • 详细信息显示
  • 放入我的书架
  • 预约/预借图书
  • 作者相关作品
  • 分类相关作品
  • 丛书相关作品
  • 出版社相关作品

书目信息

  • 表格格式
  • 工作单格式
  • 卡片格式
题名:
煤矿爆破技术问答
    
 
作者: 《煤炭火工技术丛书》编写组编
分册:  
出版信息: 北京   煤炭工业出版社  1978
页数: 162页
开本: 19cm
丛书名: 煤矿火工技术丛书
单 册:
中图分类: TD823.91-44
科图分类:
主题词: 煤矿开采-爆破技术--问答 , 爆破技术-煤矿开采--问答
电子资源:
ISBN:
000 00709nam2 2200253 45
001 0178001306
005 20070728150106.32
010    @dCNY0.45
091    @a15035.2220
100    @a19950811d1978 em y0chiy0121 ea
101 0  @achi
102    @aCN@b110000
105    @ay z 000yy
200 10 @a煤矿爆破技术问答@Amei kuang bao po ji shu wen da@f《煤炭火工技术丛书》编写组编
210    @a北京@c煤炭工业出版社@d1978
215    @a162页@d19cm
225 2  @a煤矿火工技术丛书
300    @a国内发行
410  0 @120010@a煤矿火工技术丛书
606    @a煤矿开采-爆破技术@x问答
606    @a爆破技术-煤矿开采@x问答
690    @aTD823.91-44@v3
801  0 @aCN@bTSSF@c20070728
905    @a10447@dTD823.91-44@e11
    
    煤矿爆破技术问答/《煤炭火工技术丛书》编写组编.-北京:煤炭工业出版社,1978
    162页;19cm.-(煤矿火工技术丛书)
    国内发行
    
    ISBN :CNY0.45
    
●
相关链接 在E读中查询图书 在五车中查询图书 在当当中查询图书 在豆瓣中查询图书


正题名:煤矿爆破技术问答     索取号:TD823.91-44/11         预约/预借

序号 登录号 条形码 馆藏地/架位号 状态 备注
1 0438722   204387225   密集书库/ [索取号:TD823.91-44/11] 在馆    
2 0438723   204387234   密集书库/ [索取号:TD823.91-44/11] 在馆    
3 0438724   204387243   密集书库/ [索取号:TD823.91-44/11] 在馆    
4 0786685   207866852   密集书库/ [索取号:TD823.91-44/11] 在馆    
唐山师范学院图书馆 欢迎您!
大连网信软件有限公司© 版权所有